000 00922nam a2200241Ia 4500
003 Ost
005 20260507074959.0
008 260507s9999||||xx |||||||||||||| ||und||
020 _a9961903625
040 _cfsecg
041 _aara
082 _a336
100 _aكقالجيت، سنغ
_eمؤلف
245 0 _aعولمة المال /
_c سنغ كقالجيت
260 _aبيروت:
_bدار الفرابي,
_c2001
300 _a271 صفحة؛
_bإيضاحات ؛
_c21 سم
504 _aالملاحق:ص.253-271
520 _aالموارد المالية الشاملة في العالم،الأزمات المالية الحديثة في الدول النامية:تجارب ودروس،تداعيات السياسة المالية وطرق التدخل
653 _aالسياسة المالية
653 _aالعولمة
700 _aرياض، حسن
_eمؤلف ثانوي
942 _cكتاب
999 _c42061
_d42061